[Event "Leutasch Seniors op 18th"]
[Site "Karwendel"]
[Date "2001.07.04"]
[Round "7"]
[White "Bauer, Robert1111"]
[Black "Binder, Friedrich"]
[Result "1/2-1/2"]
[WhiteElo "1271"]
[BlackElo "1492"]
[PlyCount "88"]
[EventDate "2001.06.28"]
[EventType "swiss"]
[EventRounds "9"]
[EventCountry "GER"]
[SourceTitle "EXT 2006"]
[Source "ChessBase"]
[SourceDate "2005.11.24"]
[SourceVersion "1"]
[SourceVersionDate "2005.11.24"]
[SourceQuality "1"]

1. e4 e6 2. d4 d5 3. e5 c5 4. c3 Qb6 5. a3 Nc6 6. Nf3 Nge7 7. b4 cxd4 8. cxd4 Nf5 9. Bb2 a6 10. Be2 Be7 11. 0-0 0-0 12. Qd3 Bd7 13. Nbd2 Na7 14. Qb1 Rac8 15. Nb3 Bb5 16. Bxb5 Nxb5 17. Nc5 Qa7 18. a4 Bxc5 19. bxc5 Nc7 20. Ba3 Rfe8 21. Qd3 Rb8 22. a5 Nb5 23. Bb4 Rbc8 24. Rfc1 Qb8 25. Bd2 h6 26. g4 Ne7 27. g5 h5 28. Nh4 g6 29. Bf4 Rc6 30. Rc2 Qd8 31. Be3 Kg7 32. f4 Rh8 33. Rg2 Rf8 34. Bd2 Qc7 35. Nf3 Nf5 36. Be1 Qd8 37. h4 Qc7 38. Kh2 Qd8 39. Bf2 Qc7 40. Ne1 Rb8 41. Nc2 Qc8 42. Ne3 Nxe3 43. Bxe3 Qc7 44. Rc2 Qd7 1/2-1/2

[Event "Leutasch Seniors op 18th"]
[Site "Karwendel"]
[Date "2001.07.02"]
[Round "5"]
[White "Klose, Hans Peter"]
[Black "Binder, Friedrich"]
[Result "1-0"]
[WhiteElo "1426"]
[BlackElo "1492"]
[PlyCount "103"]
[EventDate "2001.06.28"]
[EventType "swiss"]
[EventRounds "9"]
[EventCountry "GER"]
[SourceTitle "EXT 2006"]
[Source "ChessBase"]
[SourceDate "2005.11.24"]
[SourceVersion "1"]
[SourceVersionDate "2005.11.24"]
[SourceQuality "1"]

1. d4 d5 2. c4 c6 3. Nf3 h6 4. Nc3 Bf5 5. Bf4 dxc4 6. e4 Be6 7. d5 Bg4 8. Bxc4 b5 9. Be2 Nf6 10. h3 Bxf3 11. Bxf3 g5 12. Be3 Bg7 13. 0-0 Qd6 14. Rc1 0-0 15. Ne2 cxd5 16. Bc5 Qd8 17. exd5 Nbd7 18. Bxe7 Qxe7 19. d6 Qe5 20. Bxa8 Rxa8 21. Nd4 Qxd6 22. Nf5 Qxd1 23. Rfxd1 Kh7 24. Nxg7 Kxg7 25. f3 a5 26. Kf2 b4 27. g3 Nb6 28. h4 g4 29. Rc6 Nbd5 30. Rc4 h5 31. Rc5 Ra7 32. Rdxd5 Nxd5 33. Rxd5 Kg6 34. fxg4 hxg4 35. Rg5+ Kh6 36. Rxg4 Rc7 37. Re4 Rc5 38. Kf3 f5 39. Re6+ Kg7 40. h5 Rc2 41. Re2 Rc4 42. b3 Rd4 43. Re5 Kf6 44. Rxa5 Kg5 45. Re5 Rd2 46. g4 Rxa2 47. Rxf5+ Kh6 48. Rb5 Rc2 49. Rxb4 Kg5 50. Rb5+ Kh4 51. h6 Rc6 52. Rh5# 1-0

[Event "Leutasch Seniors op 18th"]
[Site "Karwendel"]
[Date "2001.06.30"]
[Round "3"]
[White "Binder, Friedrich"]
[Black "Claus, Joachim"]
[Result "0-1"]
[WhiteElo "1492"]
[BlackElo "1896"]
[PlyCount "62"]
[EventDate "2001.06.28"]
[EventType "swiss"]
[EventRounds "9"]
[EventCountry "GER"]
[SourceTitle "EXT 2006"]
[Source "ChessBase"]
[SourceDate "2005.11.24"]
[SourceVersion "1"]
[SourceVersionDate "2005.11.24"]
[SourceQuality "1"]

1. d4 Nf6 2. Nc3 d5 3. Bg5 Ne4 4. Nxe4 dxe4 5. e3 c6 6. Ne2 Qa5+ 7. Nc3 Qxg5 8. Nxe4 Qa5+ 9. c3 Bf5 10. Ng3 Bg6 11. f4 e6 12. Bd3 Bxd3 13. Qxd3 Be7 14. 0-0 Nd7 15. b4 Qd8 16. Rad1 g6 17. e4 Bh4 18. Ne2 f5 19. g3 Be7 20. d5 fxe4 21. Qxe4 exd5 22. Qe6 Nf8 23. Qg4 Qd7 24. Qf3 0-0-0 25. Rfe1 h5 26. c4 Bxb4 27. Rf1 Qf5 28. Qf2 Ne6 29. Qg2 dxc4 30. Rb1 Bc5+ 31. Kh1 Qd5 0-1